000 01283nam a2200301 i 4500
001 180093
003 ES-MaACL
005 20230928115551.0
008 120416s2008 sp aco |||| |dspa d
020 _a978-84-92498-48-2
080 _a77 Català-Roca, Francesc (083.824)
080 _a913(460.283)(0:77)(083.824)
100 1 _aCatalà-Roca, Francesc.
_937014
245 1 0 _aCuenca hacia 1956 :
_bla versión de Francesc Català-Roca : [exposición, Fundación Antonio Saura, Casa Zavala, Cuenca, 7 de junio-27 de julio de 2008] /
_c[texto], Horacio Fernández.
260 _aCuenca :
_bFundación Antonio Saura ;
_aMadrid :
_bLa Fábrica,
_c[2008]
300 _a135 p. :
_bprincipalmente il., fot. ;
_c26 cm.
500 _aÍndice.
600 1 4 _aCatalà-Roca, Francesc-
_vExposiciones.
_9149785
651 4 _aCuenca (Provincia)-
_vExposiciones.
_9174077
651 4 _aCuenca (Provincia)-
_vObras ilustradas.
_9174078
655 7 _2tgfbne
_9193628
_aCatálogos de exposiciones
700 1 _aFernández, Horacio.
_949371
710 2 _aFundación Antonio Saura, Casa Zavala.
_9149786
710 1 _aCuenca (Provincia).
_bDiputación Provincial.
_93346
852 4 _aES-MaACL
_9187003
_bR.146829
_jA-12050
_dOlim: N-5055
_cDEPO1
942 _2udc
999 _c180093
_d180093